| 000 | 00795cam a2200277 4500500 | ||
|---|---|---|---|
| 005 | 20260405003708.0 | ||
| 041 | _afre | ||
| 042 | _adc | ||
| 100 | 1 | 0 |
_aLacroix, Samuel _eauthor |
| 245 | 0 | 0 | _aComment discuter sans se disputer avec un complotiste ? |
| 260 | _c2023. | ||
| 500 | _a42 | ||
| 690 | _aArgumentation | ||
| 690 | _aBiais cognitif | ||
| 690 | _aComplotisme | ||
| 690 | _aConspirationnisme | ||
| 690 | _aCroyances | ||
| 690 | _aDialogue | ||
| 690 | _aDoute | ||
| 690 | _aGérald Bronner | ||
| 690 | _aMédias | ||
| 690 | _aPhilippe Huneman | ||
| 690 | _aVérité | ||
| 786 | 0 | _nPhilosophie magazine | 169 | 5 | 2023-05-01 | p. 29-30 | 1951-1787 | |
| 856 | 4 | 1 | _uhttps://shs.cairn.info/magazine-philosophie-magazine-2023-5-page-29?lang=fr&redirect-ssocas=7080 |
| 999 |
_c2069940 _d2069940 |
||